Urbanization in western Uttar Pradesh : a spatial analysis (Record no. 24659)

MARC details
000 -LEADER
fixed length control field 00259nam a2200097Ia 4500
008 - FIXED-LENGTH DATA ELEMENTS--GENERAL INFORMATION
fixed length control field 190716s9999 xx 000 0 und d
082 ## - CLASSIFICATION NUMBER
Call Number TD-49#
100 ## - AUTHOR NAME
Author Dargar, S.C.
245 #0 - TITLE STATEMENT
Title Urbanization in western Uttar Pradesh : a spatial analysis
942 ## - ADDED ENTRY ELEMENTS (KOHA)
Koha item type Micro-Film
Holdings
Withdrawn status Circulation Status Home library Current library Entry Date Accession Number Koha item type
    NASSDOC Library NASSDOC Library 16/07/2019 MF994 Micro-Film